Valuation of financial assets in the insurance companies

Legislatívna úprava oceňovania v účtovníctve. Účtovné zásady, finančné výkazy. Porovnanie oceňovania aktív vo vybraných poisťovniach.

Saved in:
Bibliographic Details
Main Author: Majtánová, Anna
Other Authors: Snopková, Andrea, 1987-
Format: Book Chapter
Language:English
Subjects:
Tags: Add Tag
No Tags, Be the first to tag this record!

MARC

LEADER 00000naa$a2200000$$$4500
001 0200712
005 20240502083510.3
041 0 |a eng 
044 |a CZ 
245 1 0 |a Valuation of financial assets in the insurance companies  |c Anna Majtánová, Andrea Snopková 
520 |a Legislatívna úprava oceňovania v účtovníctve. Účtovné zásady, finančné výkazy. Porovnanie oceňovania aktív vo vybraných poisťovniach. 
610 2 0 |a poisťovne 
610 2 0 |a aktíva finančné 
610 2 0 |a oceňovanie 
610 2 0 |a účtovníctvo 
610 2 0 |a závierka účtovná 
610 2 0 |a legislatíva 
610 2 0 |a Slovensko 
100 1 |a Majtánová, Anna 
700 1 |a Snopková, Andrea, 1987-